000
00335 a2200157 4500
001
179929
020
_a
040
_c
Magnum
100
_a
Quinaud, Rosa
240
1
0
_a
A arvore que virou palito
_l
por
245
1
0
_a
A arvore que virou palito
362
0
_a
1899
440
1
_a
Dimensão
697
_a
MAGNITO: I/GERAL
942
_c
BK
999
_c
179929
_d
179929